[Event "RF-2022-0-00521"]
[Site "LSS email"]
[Date "2022.09.03"]
[Round "?"]
[White "Cirovic, Zeljko"]
[Black "Cordes, Michael"]
[Result "0-1"]
[WhiteElo "1133"]
[BlackElo "1006"]
[PlyCount "58"]
[EventDate "2022.01.14"]
[EventType "tourn (corr)"]
[EventRounds "6"]
[EventCountry "GER"]
[SourceTitle "Corr 2024"]
[Source "ChessBase"]
[SourceDate "2023.10.19"]
[SourceVersion "1"]
[SourceVersionDate "2023.10.19"]
[SourceQuality "1"]

1. e4 e5 2. Nf3 d6 3. d4 exd4 4. Nxd4 Nf6 5. Nc3 Be7 6. f3 0-0 7. Bc4 c6 8. 0-0 b5 9. Bb3 b4 10. Na4 c5 11. Nf5 Bxf5 12. exf5 d5 13. c4 bxc3 14. Nxc3 c4 15. Bc2 Nc6 16. Bg5 d4 17. Ne4 d3 18. Nxf6+ Bxf6 19. Bxf6 Qxf6 20. Ba4 Qxb2 21. Bxc6 Qb6+ 22. Kh1 Qxc6 23. Rc1 Rac8 24. Qd2 Rce8 25. Qxd3 cxd3 26. Rxc6 d2 27. Rd6 Rd8 28. Rxd8 Rxd8 29. Rd1 Re8 0-1

[Event "RF-2022-0-00521"]
[Site "LSS email"]
[Date "2022.09.03"]
[Round "?"]
[White "Cirovic, Zeljko"]
[Black "Shim Ng Min, Francis"]
[Result "1/2-1/2"]
[WhiteElo "1133"]
[BlackElo "1015"]
[PlyCount "72"]
[EventDate "2022.01.14"]
[EventType "tourn (corr)"]
[EventRounds "6"]
[EventCountry "GER"]
[SourceTitle "Corr 2024"]
[Source "ChessBase"]
[SourceDate "2023.10.19"]
[SourceVersion "1"]
[SourceVersionDate "2023.10.19"]
[SourceQuality "1"]

1. e4 c5 2. c3 d5 3. exd5 Qxd5 4. Nf3 e6 5. d4 Nf6 6. Bb5+ Bd7 7. Bxd7+ Nbxd7 8. Be3 cxd4 9. Qxd4 Qxd4 10. Bxd4 Be7 11. Bxf6 Bxf6 12. 0-0 0-0 13. Nbd2 Ne5 14. Nxe5 Bxe5 15. Nf3 Bf6 16. Rfd1 Rfd8 17. Nd4 Bxd4 18. Rxd4 Rxd4 19. cxd4 Rd8 20. Rd1 Rd5 21. f4 f6 22. Kf2 e5 23. fxe5 fxe5 24. Ke3 Kf7 25. Ke4 Rxd4+ 26. Rxd4 exd4 27. Kxd4 Ke6 28. g4 g5 29. b4 Kd6 30. a3 b5 31. Ke4 Ke6 32. h3 h6 33. Kd4 Kd6 34. Ke4 Ke6 35. Kd4 Kd6 36. Ke4 Ke6 1/2-1/2

[Event "RF-2022-0-00521"]
[Site "LSS email"]
[Date "2022.09.03"]
[Round "?"]
[White "Wilshusen, Horst"]
[Black "Cirovic, Zeljko"]
[Result "0-1"]
[WhiteElo "1053"]
[BlackElo "1133"]
[PlyCount "56"]
[EventDate "2022.01.14"]
[EventType "tourn (corr)"]
[EventRounds "6"]
[EventCountry "GER"]
[SourceTitle "Corr 2024"]
[Source "ChessBase"]
[SourceDate "2023.10.19"]
[SourceVersion "1"]
[SourceVersionDate "2023.10.19"]
[SourceQuality "1"]

1. b4 e5 2. Bb2 d6 3. e3 Nc6 4. a3 Bf5 5. c4 Nf6 6. Nc3 Ne4 7. d3 Nxc3 8. Bxc3 Be7 9. Be2 Bf6 10. b5 Ne7 11. e4 Bg6 12. g4 a6 13. h4 h6 14. a4 axb5 15. axb5 Rxa1 16. Qxa1 0-0 17. f4 exf4 18. Bxf6 gxf6 19. Qxf6 Nc6 20. Qxf4 Nd4 21. Qxh6 Qf6 22. Qc1 c6 23. h5 d5 24. Rh2 dxe4 25. hxg6 exd3 26. Bxd3 fxg6 27. bxc6 Qe5+ 28. Re2 Qg3+ 0-1

[Event "RF-2022-0-00521"]
[Site "LSS email"]
[Date "2022.09.03"]
[Round "?"]
[White "Zmolil, Karel"]
[Black "Cirovic, Zeljko"]
[Result "1/2-1/2"]
[WhiteElo "1038"]
[BlackElo "1133"]
[PlyCount "98"]
[EventDate "2022.01.14"]
[EventType "tourn (corr)"]
[EventRounds "6"]
[EventCountry "GER"]
[SourceTitle "Corr 2024"]
[Source "ChessBase"]
[SourceDate "2023.10.19"]
[SourceVersion "1"]
[SourceVersionDate "2023.10.19"]
[SourceQuality "1"]

1. e4 c5 2. Nf3 e6 3. d4 cxd4 4. Nxd4 Nc6 5. Nb3 Bb4+ 6. c3 Be7 7. Be3 d5 8. exd5 Qxd5 9. Qxd5 exd5 10. N1d2 Nf6 11. Bd3 Be6 12. h3 Ne5 13. Bc2 0-0 14. 0-0 Nc4 15. Nxc4 dxc4 16. Nd4 Bd5 17. Nf5 Rfe8 18. Rfe1 Bf8 19. Bd4 Rxe1+ 20. Rxe1 Re8 21. Rxe8 Nxe8 22. Bxa7 Nd6 23. Nxd6 Bxd6 24. f3 b5 25. Kf2 b4 26. Bd4 g6 27. Ke3 f5 28. Bb6 Kf7 29. Ba4 Ke6 30. Bb5 f4+ 31. Kd2 g5 32. Ba5 bxc3+ 33. Bxc3 h5 34. a4 g4 35. hxg4 hxg4 36. Ke2 Bc5 37. a5 gxf3+ 38. gxf3 Kd6 39. a6 Ba7 40. Bd2 Kc5 41. Bd7 Kb6 42. Bxf4 Kxa6 43. Be5 Ka5 44. f4 Be4 45. f5 Bd3+ 46. Kf3 Kb4 47. Be8 Bxf5 48. Bc3+ Kc5 49. Ba4 Bb1 1/2-1/2

[Event "Belgrade-chT Quality"]
[Site "Belgrade"]
[Date "2021.11.07"]
[Round "8.7"]
[White "Cirovic, Zeljko"]
[Black "Popovic, Andrija"]
[Result "0-1"]
[WhiteElo "1770"]
[BlackElo "2132"]
[PlyCount "110"]
[EventDate "2021.10.16"]
[EventType "team-tourn"]
[EventRounds "11"]
[EventCountry "SRB"]
[SourceTitle "EXT 2023"]
[Source "ChessBase"]
[SourceDate "2022.10.05"]
[SourceVersion "1"]
[SourceVersionDate "2022.10.05"]
[SourceQuality "1"]
[WhiteTeam "Belgrade Sremcica"]
[BlackTeam "Belgrade Polet"]
[WhiteTeamCountry "SRB"]
[BlackTeamCountry "SRB"]

1. e4 e6 2. d4 d5 3. exd5 exd5 4. c4 Nf6 5. Nf3 Be7 6. h3 0-0 7. Be3 Nc6 8. Nc3 Bf5 9. Bd3 Bxd3 10. Qxd3 Nb4 11. Qe2 dxc4 12. 0-0 Nfd5 13. Qxc4 Nxe3 14. fxe3 Nc2 15. Nd5 Nxa1 16. Ne5 c6 17. Nxe7+ Qxe7 18. Rxa1 Kh8 19. Re1 f6 20. Nd3 Qf7 21. Qb4 a5 22. Qb6 Ra6 23. Qc5 Rd8 24. a3 Raa8 25. Rf1 Qb3 26. Qf5 Qd5 27. Qg4 Re8 28. Rf5 Qe4 29. Nf4 Re7 30. Qh5 Kg8 31. Qg4 Qxe3+ 32. Kh2 Qxd4 33. Nd5 Qxg4 34. Nxe7+ Kf7 35. hxg4 Kxe7 36. g5 fxg5 37. Rxg5 Kf6 38. Rc5 g6 39. Kg3 Ke6 40. Kf4 Kd6 41. Rc3 Rf8+ 42. Ke3 Rf7 43. g4 g5 44. Rc4 Re7+ 45. Kf3 Kd5 46. Rc3 Kd4 47. Rc2 Re3+ 48. Kf2 a4 49. Rd2+ Ke4 50. Rc2 Kf4 51. Rd2 c5 52. Rd5 Rb3 53. Rxc5 Rxb2+ 54. Ke1 b5 55. Rc3 Kxg4 0-1

[Event "FICGS rapid C 000271 email"]
[Site "FICGS email"]
[Date "2021.09.13"]
[Round "1"]
[White "Cirovic, Zeljko"]
[Black "Leurette, Marc Antoine"]
[Result "1-0"]
[WhiteElo "1575"]
[BlackElo "1634"]
[PlyCount "87"]
[EventDate "2021.??.??"]
[EventType "tourn (rapid)"]
[EventRounds "4"]
[SourceTitle "Corr 2024"]
[Source "ChessBase"]
[SourceDate "2023.10.19"]
[SourceVersion "1"]
[SourceVersionDate "2023.10.19"]
[SourceQuality "1"]

1. e4 e5 2. c3 d5 3. exd5 Qxd5 4. d4 Nc6 5. Be3 Nf6 6. c4 Qd8 7. d5 Nd4 8. Bxd4 exd4 9. Nf3 Bc5 10. Nxd4 Bxd4 11. Qxd4 b6 12. Be2 0-0 13. 0-0 Re8 14. Nc3 c5 15. Qh4 Bf5 16. Rfe1 Ne4 17. Qxd8 Raxd8 18. Nxe4 Bxe4 19. b3 Bg6 20. Bf3 Kf8 21. a3 Bc2 22. Rxe8+ Rxe8 23. b4 Bb3 24. h3 Bxc4 25. bxc5 bxc5 26. Rc1 Bd3 27. Rxc5 a6 28. d6 Bb5 29. Bc6 Rd8 30. Bxb5 axb5 31. Rxb5 Rxd6 32. Ra5 g6 33. Ra8+ Kg7 34. a4 Rd1+ 35. Kh2 Ra1 36. a5 h5 37. a6 h4 38. g4 g5 39. a7 f6 40. Kg2 Ra2 41. Kf3 Kf7 42. Ke4 Ke7 43. Rh8 Ra4+ 44. Kf5 1-0

[Event "SE-2021-0-00331"]
[Site "LSS email"]
[Date "2021.09.12"]
[Round "?"]
[White "Grimm, Wolfgang"]
[Black "Cirovic, Zeljko"]
[Result "1-0"]
[WhiteElo "1336"]
[BlackElo "1297"]
[PlyCount "59"]
[EventDate "2021.04.19"]
[EventType "tourn (corr)"]
[EventRounds "6"]
[EventCountry "GER"]
[SourceTitle "Corr 2024"]
[Source "ChessBase"]
[SourceDate "2023.10.19"]
[SourceVersion "1"]
[SourceVersionDate "2023.10.19"]
[SourceQuality "1"]

1. Nf3 c5 2. Nc3 e6 3. e4 d5 4. exd5 exd5 5. Bb5+ Nc6 6. 0-0 Be6 7. d4 c4 8. Re1 Bb4 9. Ng5 Qd7 10. Nxe6 fxe6 11. Qh5+ g6 12. Bxc6 gxh5 13. Rxe6+ Kd8 14. Bxd7 Kxd7 15. Re5 Bxc3 16. Rxd5+ Kc6 17. Rc5+ Kb6 18. bxc3 Nf6 19. Rxc4 Rhc8 20. Rb1+ Ka5 21. Rxc8 Rxc8 22. Rxb7 Rxc3 23. Bd2 Ka6 24. Rxa7+ Kxa7 25. Bxc3 Kb6 26. a4 Ne4 27. Bb4 h4 28. d5 h3 29. gxh3 h5 30. c4 1-0

[Event "TH-S-1283"]
[Site "IECC email"]
[Date "2020.12.08"]
[Round "?"]
[White "Carey, Graeme"]
[Black "Cirovic, Zeljko"]
[Result "1-0"]
[WhiteElo "1776"]
[BlackElo "1452"]
[PlyCount "31"]
[EventDate "2020.??.??"]
[EventType "tourn (corr)"]
[SourceTitle "Corr 2024"]
[Source "ChessBase"]
[SourceDate "2023.10.19"]
[SourceVersion "1"]
[SourceVersionDate "2023.10.19"]
[SourceQuality "1"]
[WhiteTeam "England"]
[BlackTeam "SCG"]
[WhiteTeamCountry "ENG"]

1. e4 c5 2. Nf3 Nc6 3. d4 cxd4 4. Nxd4 Nf6 5. Nc3 Rb8 6. Be2 h6 7. 0-0 d6 8. Qd3 e5 9. Nxc6 bxc6 10. h3 Be6 11. b3 d5 12. exd5 Nxd5 13. Bb2 Nxc3 14. Qxc3 f6 15. Qxc6+ Qd7 16. Bh5+ 1-0

[Event "LSS No Engine Cup 209 Preliminary 0"]
[Site "LSS email"]
[Date "2020.10.24"]
[Round "?"]
[White "Cirovic, Zeljko"]
[Black "Ilyin, Igor"]
[Result "1-0"]
[WhiteElo "1600"]
[BlackElo "1520"]
[PlyCount "77"]
[EventDate "2020.10.24"]
[EventType "tourn (corr)"]
[EventRounds "6"]
[EventCountry "GER"]
[SourceTitle "Corr 2024"]
[Source "ChessBase"]
[SourceDate "2023.10.19"]
[SourceVersion "1"]
[SourceVersionDate "2023.10.19"]
[SourceQuality "1"]

1. e4 c5 2. f4 d5 3. exd5 Qxd5 4. Nf3 Bg4 5. Bb5+ Nc6 6. Nc3 Qd6 7. 0-0 Nf6 8. d4 0-0-0 9. Be3 cxd4 10. Bxc6 bxc6 11. Qxd4 Bxf3 12. Qxd6 exd6 13. Rxf3 Rd7 14. a4 g6 15. Bd4 Bg7 16. f5 c5 17. Bxf6 Bxf6 18. fxg6 Bd4+ 19. Kh1 hxg6 20. Raf1 f5 21. Nd1 Re7 22. c3 Be5 23. h3 Kc7 24. Ne3 Kc6 25. b4 Rh4 26. b5+ Kb6 27. Nd5+ Ka5 28. Nxe7 g5 29. Nc6+ Kb6 30. Nxe5 dxe5 31. Rxf5 Rxa4 32. Rxe5 g4 33. hxg4 Rxg4 34. Rb1 Rg3 35. c4 Rc3 36. Re6+ Kb7 37. b6 a6 38. Rf1 a5 39. Rf7+ 1-0

[Event "FICGS rapid D 000132 email"]
[Site "FICGS email"]
[Date "2020.05.14"]
[Round "1"]
[White "Cirovic, Zeljko"]
[Black "Dotti Contra, Alessandro"]
[Result "0-1"]
[WhiteElo "1522"]
[BlackElo "1414"]
[PlyCount "74"]
[EventDate "2020.??.??"]
[EventType "tourn (rapid)"]
[EventRounds "5"]
[SourceTitle "Corr 2022"]
[Source "ChessBase"]
[SourceDate "2021.10.24"]
[SourceVersion "1"]
[SourceVersionDate "2021.10.24"]
[SourceQuality "1"]

1. e4 e5 2. Nf3 Nc6 3. Bc4 Nf6 4. Nc3 Bc5 5. d3 0-0 6. Bg5 h6 7. Bh4 d6 8. Nd5 g5 9. Bg3 Be6 10. h4 g4 11. Nh2 h5 12. f3 gxf3 13. Nxf3 Ng4 14. Ng5 Na5 15. c3 Nxc4 16. dxc4 Bxd5 17. exd5 Qf6 18. Ne4 Qh6 19. Qf3 Qe3+ 20. Qxe3 Bxe3 21. Bf2 Bxf2+ 22. Nxf2 Nxf2 23. Kxf2 f5 24. Rhf1 e4 25. Ke3 Rae8 26. Rf4 Re7 27. Raf1 Re5 28. b4 b6 29. a4 a6 30. b5 axb5 31. cxb5 Rxd5 32. Ke2 Kg7 33. Rd1 Rxd1 34. Kxd1 d5 35. Ke2 Kg6 36. g3 Kf6 37. Ke3 Rg8 0-1

[Event "RF-2019-0-00493"]
[Site "LSS email"]
[Date "2019.10.25"]
[Round "?"]
[White "Cirovic, Zeljko"]
[Black "Verich, Oleg"]
[Result "1-0"]
[WhiteElo "1352"]
[BlackElo "1011"]
[PlyCount "56"]
[EventDate "2019.09.16"]
[EventType "tourn (corr)"]
[EventRounds "6"]
[EventCountry "GER"]
[SourceTitle "Corr 2022"]
[Source "ChessBase"]
[SourceDate "2021.10.24"]
[SourceVersion "1"]
[SourceVersionDate "2021.10.24"]
[SourceQuality "1"]

1. e4 Nf6 2. e5 Nd5 3. c4 Nb6 4. d4 d6 5. exd6 exd6 6. Nf3 Be7 7. Nc3 0-0 8. Be3 Nc6 9. Be2 Bf6 10. 0-0 Re8 11. a3 Bg4 12. c5 dxc5 13. dxc5 Qxd1 14. Raxd1 Nd7 15. Nd5 Bd8 16. b4 Bxf3 17. Bxf3 Nce5 18. Bf4 c6 19. Ne3 Nxf3+ 20. gxf3 Nf6 21. Nc4 Nd5 22. Nd6 Re7 23. Bg3 g6 24. b5 f5 25. Nxb7 f4 26. Nxd8 Rxd8 27. Bh4 Ree8 28. Bxd8 Rxd8 1-0

[Event "RF-2019-0-00493"]
[Site "LSS email"]
[Date "2019.10.25"]
[Round "?"]
[White "Shim Ng Min, Francis"]
[Black "Cirovic, Zeljko"]
[Result "1/2-1/2"]
[WhiteElo "1272"]
[BlackElo "1352"]
[PlyCount "57"]
[EventDate "2019.09.16"]
[EventType "tourn (corr)"]
[EventRounds "6"]
[EventCountry "GER"]
[SourceTitle "Corr 2022"]
[Source "ChessBase"]
[SourceDate "2021.10.24"]
[SourceVersion "1"]
[SourceVersionDate "2021.10.24"]
[SourceQuality "1"]

1. e4 c5 2. Nf3 e6 3. d4 cxd4 4. Nxd4 Nc6 5. Be2 Bc5 6. Nxc6 dxc6 7. 0-0 Nf6 8. Nc3 Qxd1 9. Rxd1 0-0 10. e5 Nd5 11. Ne4 Be7 12. c4 Nb6 13. Be3 Rd8 14. Rxd8+ Bxd8 15. Rd1 Bc7 16. Nd6 Bxd6 17. Rxd6 Nd7 18. f4 Kf8 19. c5 Ke7 20. Kf2 a5 21. a4 Rb8 22. Bf3 f5 23. h4 g6 24. g3 h5 25. Ke2 Kf7 26. Kd3 Ke7 27. Kc3 Ra8 28. b3 Ra7 29. Be2 1/2-1/2

[Event "RF-2019-0-00490"]
[Site "LSS email"]
[Date "2019.09.19"]
[Round "?"]
[White "Cirovic, Zeljko"]
[Black "Chura, Michal"]
[Result "1-0"]
[WhiteElo "1352"]
[BlackElo "1079"]
[PlyCount "94"]
[EventDate "2019.08.19"]
[EventType "tourn (corr)"]
[EventRounds "6"]
[EventCountry "GER"]
[SourceTitle "Corr 2022"]
[Source "ChessBase"]
[SourceDate "2021.10.24"]
[SourceVersion "1"]
[SourceVersionDate "2021.10.24"]
[SourceQuality "1"]

1. e4 c5 2. f4 Nc6 3. Nf3 d6 4. Nc3 Bg4 5. Bb5 a6 6. Bxc6+ bxc6 7. d4 cxd4 8. Qxd4 Bxf3 9. gxf3 Nf6 10. Be3 c5 11. Qa4+ Nd7 12. e5 Qb6 13. Nd5 Qb7 14. 0-0-0 e6 15. Nc3 d5 16. f5 d4 17. fxe6 fxe6 18. Bxd4 cxd4 19. Rxd4 Bc5 20. Ne4 Be7 21. Rhd1 Rd8 22. Rd6 Qb5 23. Qd4 Qa5 24. Rxd7 0-0 25. Rxd8 Rxd8 26. Qc4 Rxd1+ 27. Kxd1 Qxe5 28. Qxa6 Bf8 29. Qc4 Qxb2 30. Qxe6+ Kh8 31. Qb3 Qa1+ 32. Ke2 Qh1 33. Qb8 Kg8 34. a4 Qg2+ 35. Ke1 Qxf3 36. Qb3+ Qxb3 37. cxb3 Kf7 38. Kd2 Ke7 39. Kd3 h6 40. Kd4 Kd7 41. Nc5+ Kd6 42. b4 Be7 43. b5 g5 44. a5 Kc7 45. b6+ Kb8 46. a6 h5 47. Nd7+ Ka8 1-0

[Event "FICGS class D 000257 email"]
[Site "FICGS email"]
[Date "2019.09.18"]
[Round "1"]
[White "Cirovic, Zeljko"]
[Black "Trigance, Emile"]
[Result "1/2-1/2"]
[WhiteElo "1472"]
[BlackElo "1716"]
[PlyCount "53"]
[EventDate "2019.??.??"]
[EventType "tourn (corr)"]
[EventRounds "6"]
[SourceTitle "Corr 2022"]
[Source "ChessBase"]
[SourceDate "2021.10.24"]
[SourceVersion "1"]
[SourceVersionDate "2021.10.24"]
[SourceQuality "1"]

1. e4 c5 2. c3 d5 3. exd5 Qxd5 4. Nf3 e6 5. d4 Nf6 6. Bb5+ Bd7 7. Bxd7+ Nbxd7 8. Be3 Be7 9. 0-0 0-0 10. dxc5 Bxc5 11. Qxd5 Nxd5 12. Bxc5 Nxc5 13. Na3 h6 14. Nc4 Nd3 15. Nfe5 Nxe5 16. Nxe5 Nf6 17. Rfd1 Rfd8 18. f3 Kf8 19. Kf2 Rd5 20. Rxd5 Nxd5 21. g4 f6 22. Nd7+ Ke7 23. Nc5 b6 24. Nb3 e5 25. Rd1 Nf4 26. h4 Rd8 27. Rxd8 1/2-1/2

[Event "FICGS class D 000257 email"]
[Site "FICGS email"]
[Date "2019.09.18"]
[Round "1"]
[White "Cirovic, Zeljko"]
[Black "Zaunercik, Ilmar"]
[Result "0-1"]
[WhiteElo "1472"]
[BlackElo "1439"]
[PlyCount "104"]
[EventDate "2019.??.??"]
[EventType "tourn (corr)"]
[EventRounds "6"]
[SourceTitle "Corr 2022"]
[Source "ChessBase"]
[SourceDate "2021.10.24"]
[SourceVersion "1"]
[SourceVersionDate "2021.10.24"]
[SourceQuality "1"]

1. e4 e5 2. Nf3 Nc6 3. Bb5 a6 4. Bxc6 dxc6 5. d4 exd4 6. Qxd4 Qxd4 7. Nxd4 Nf6 8. Nc3 Bb4 9. 0-0 0-0 10. e5 Ng4 11. Bf4 Re8 12. Nf3 Bf5 13. Rac1 Rad8 14. h3 Nh6 15. Bxh6 gxh6 16. a3 Bxc3 17. bxc3 c5 18. g4 Be4 19. Kg2 Rxe5 20. Kg3 Red5 21. Rfe1 Bg6 22. Re7 R5d7 23. Rxd7 Rxd7 24. Ne5 Rd2 25. Nxg6 hxg6 26. Kf3 Kg7 27. Ke3 Rd5 28. f4 c4 29. Rb1 b6 30. Rb4 b5 31. a4 c6 32. axb5 cxb5 33. Rb1 Kf6 34. Ra1 Rd6 35. h4 Ke6 36. Ke4 f5+ 37. gxf5+ gxf5+ 38. Ke3 Kd5 39. h5 Re6+ 40. Kf3 Kc5 41. Rg1 a5 42. Rg6 Rd6 43. Ke3 a4 44. Rg1 a3 45. Ra1 b4 46. cxb4+ Kxb4 47. Ke2 c3 48. Ke3 Rd2 49. Ra2 Rd1 50. Ke2 Rb1 51. Kd3 Rb2 52. Ra1 a2 0-1

[Event "FICGS class D 000257 email"]
[Site "FICGS email"]
[Date "2019.09.18"]
[Round "1"]
[White "Hilton, Stephen"]
[Black "Cirovic, Zeljko"]
[Result "1/2-1/2"]
[WhiteElo "1705"]
[BlackElo "1472"]
[PlyCount "90"]
[EventDate "2019.??.??"]
[EventType "tourn (corr)"]
[EventRounds "6"]
[SourceTitle "Corr 2022"]
[Source "ChessBase"]
[SourceDate "2021.10.24"]
[SourceVersion "1"]
[SourceVersionDate "2021.10.24"]
[SourceQuality "1"]

1. c4 e5 2. Nc3 Bc5 3. Nf3 d6 4. g3 Nf6 5. Bg2 Bg4 6. 0-0 Bxf3 7. Bxf3 h5 8. e3 c6 9. d4 Bb6 10. b3 exd4 11. exd4 0-0 12. Bb2 d5 13. cxd5 Nxd5 14. Nxd5 cxd5 15. Bxh5 Qf6 16. Bf3 Nc6 17. Bxd5 Rfd8 18. Qf3 Qxf3 19. Bxf3 Bxd4 20. Bxd4 Rxd4 21. Bxc6 bxc6 22. Rac1 Rd2 23. Rxc6 Rxa2 24. Rfc1 Rb2 25. Rc8+ Rxc8 26. Rxc8+ Kh7 27. Ra8 Rxb3 28. Rxa7 f6 29. h4 Kh6 30. Kg2 g5 31. hxg5+ Kxg5 32. f4+ Kg4 33. Rg7+ Kf5 34. Kh3 Rc3 35. Ra7 Rc5 36. Ra4 Rc3 37. Kh4 Rc7 38. g4+ Kg6 39. f5+ Kg7 40. g5 fxg5+ 41. Kxg5 Rb7 42. Re4 Ra7 43. f6+ Kf7 44. Kf5 Ra5+ 45. Re5 Ra7 1/2-1/2